The new wembley stadium (Record no. 71243)

MARC details
000 -LEADER
fixed length control field 00869cam a2200193 4500
001 - CONTROL NUMBER
control field WB3835-02
008 - FIXED-LENGTH DATA ELEMENTS--GENERAL INFORMATION
fixed length control field 020926n2002 000 0 eng u
035 ## - SYSTEM CONTROL NUMBER
System control number (Sirsi) u119870
245 #4 - TITLE STATEMENT
Title The new wembley stadium
260 ## - PUBLICATION, DISTRIBUTION, ETC.
Date of publication, distribution, etc. 2002
490 ## - SERIES STATEMENT
Series statement This is Wembley Stadium News Release
Volume/sequential designation 26 September 2002, (4)
520 ## - SUMMARY, ETC.
Summary, etc. The Football Association announced that work is beginning on the new Wembley Stadium. Actual demolition will take place of the old stadium in October. The basic building cost will be £352m; the total project cost being £757m with the stadium opening in 2006. For the News Release: http://www.wembleynationalstadium.co.uk/new/stadium/latest.asp?NewsID=39
590 ## - LOCAL NOTE (RLIN)
Local note WB
650 ## - SUBJECT ADDED ENTRY--TOPICAL TERM
Topical term or geographic name entry element WEMBLEY STADIUM
650 ## - SUBJECT ADDED ENTRY--TOPICAL TERM
Topical term or geographic name entry element FOOTBALL ASSOCIATION
650 ## - SUBJECT ADDED ENTRY--TOPICAL TERM
Topical term or geographic name entry element CONSTRUCTION PROJECTS
690 ## - LOCAL SUBJECT ADDED ENTRY--TOPICAL TERM (OCLC, RLIN)
Topical term or geographic name as entry element BUILDING AND CONSTRUCTION-PROJECTS
942 ## - ADDED ENTRY ELEMENTS (KOHA)
Suppress in OPAC 0
Holdings
Withdrawn status Lost status Source of classification or shelving scheme Damaged status Not for loan Home library Current library Shelving location Date acquired Total Checkouts Full call number Barcode Date last seen Copy number Price effective from Koha item type
    Dewey Decimal Classification     London London News article 26/09/2002   WB3835-02 119870-1001 06/08/2019 1 06/08/2019 News article